Digital Electronics and Logic Design (Record no. 38177)

MARC details
000 -LEADER
fixed length control field 00837nam a22001817a 4500
082 ## - DEWEY DECIMAL CLASSIFICATION NUMBER
Classification number 621.395 MAR
100 ## - MAIN ENTRY--AUTHOR NAME
Personal name Marina Crompton
100 ## - MAIN ENTRY--AUTHOR NAME
Personal name Kailas Sree Chandran
245 ## - TITLE STATEMENT
Title Digital Electronics and Logic Design
250 ## - EDITION STATEMENT
Edition statement 1
260 ## - PUBLICATION, DISTRIBUTION, ETC. (IMPRINT)
Name of publisher Sourabhya Technical Publications
Place of publication Trivandrum
Year of publication 2025
300 ## - PHYSICAL DESCRIPTION
Number of Pages Print length ‏ : ‎ 304 pages
Other physical details Item Weight ‏ : ‎ 250 g Dimensions ‏ : ‎ 21 x 14 x 2 cm
520 ## - SUMMARY, ETC.
Summary, etc This textbook has been prepared in alignment with the syllabus of Digital Electronics and Logic Design for the third semester B.Tech (Group A branches) under the 2024 Scheme of APJ Abdul Kalam Technological University (KTU). Course code: GAEST305 Includes portions for DIGITAL LAB PCCSL308
546 ## - LANGUAGE NOTE
Language note Language ‏ : ‎ English
650 ## - SUBJECT ADDED ENTRY--TOPICAL TERM
Topical Term ECE
942 ## - ADDED ENTRY ELEMENTS (KOHA)
Koha item type Text Book
952 ## - LOCATION AND ITEM INFORMATION (KOHA)
Damaged status
Not for loan
952 ## - LOCATION AND ITEM INFORMATION (KOHA)
Damaged status
Not for loan
952 ## - LOCATION AND ITEM INFORMATION (KOHA)
Damaged status
Not for loan
Holdings
Withdrawn status Collection code Permanent Location Current Location Shelving location Date acquired Source of acquisition Cost, normal purchase price Inventory number Full call number Accession Number Price effective from Koha item type
  Computer Science and Engineering VAST Central Library VAST Central Library S-65/EC 10/01/2026 Cosmo Books 300.00 K797 621.395 MAR 38360 03/02/2026 Text Book
  Computer Science and Engineering VAST Central Library VAST Central Library S-65/EC 10/01/2026 Cosmo Books 300.00 K797 621.395 MAR 38361 03/02/2026 Text Book
  Computer Science and Engineering VAST Central Library VAST Central Library S-65/EC 10/01/2026 Cosmo Books 300.00 K797 621.395 MAR 38362 03/02/2026 Text Book